000 02835cam a2200433 a 4500
999 _c127797
_d127797
001 12601667
003 ARRUPE
005 20180326120603.0
008 011128s2001 dcua b i100 0 eng d
010 _a 2001277642
020 _a158906013X
035 _a(OCoLC)ocm46914836
040 _aDJB
_cDJB
_dDLC
042 _alccopycat
043 _aec-----
_aee-----
_ae-ur---
050 0 0 _aHB3782.9
_b.D32 2001
082 0 0 _a338.943/009/049
_221
245 0 2 _aA decade of transition :
_bachievements and challenges /
_ceditors, Oleh Havrylyshyn, Saleh M. Nsouli.
260 _aWashington, D.C. :
_bIMF Institute, International Monetary Fund,
_cc2001.
300 _aix, 272 p. :
_bill. ;
_c23 cm.
500 _aSelected papers presented at an IMF conference held in Washington D.C., Februaryy 1-3, 1999, sponsored by the European I and II departments and the IMF Institute.
504 _aIncludes bibliographical references.
505 0 _aA decade of transition / Oleh Havrylyshyn and Saleh M. Nsouli -- Opening address / Michel Camdessus -- Disinflation in transition, 1993-97 / Carlo Cottarelli and Peter Doyle -- Growth in transition countries, 1990-98 / Oleh Havrylyshyn and Thomas Wolf -- Inflation and growth in transition / Sanjay Kalra and Torsten Sløk -- Lessons of the Russian crisis for transition economies / Yegor Gaidar -- Time to rethink privatization in transition economies? / John Nellis -- Banking sector reform in Central and Eastern Europe / Lajos Bokros -- Challenges for the next decade of transition / Nicholas Stern -- Institutions and the underground economy / Simon Johnson and Daniel Kaufmann -- Transition and the changing role of Government / Vito Tanzi and George Tsibouris -- Inequality during transition / Branko Milanovic -- Concluding remarks / Shigemitsu Sugisaki.
650 0 _aEconomic stabilization
_zEurope, Central
_vCongresses.
_941032
650 0 _aEconomic stabilization
_zEurope, Eastern
_vCongresses.
_941033
650 0 _aEconomic stabilization
_zFormer Soviet republics
_vCongresses.
_941034
650 0 _aDeflation (Finance)
_zEurope, Central
_vCongresses.
_941035
650 0 _aDeflation (Finance)
_zEurope, Eastern
_vCongresses.
_941036
650 0 _aDeflation (Finance)
_zFormer Soviet republics
_vCongresses.
_941037
651 0 _aEurope, Eastern
_xEconomic conditions
_y1989-
_vCongresses.
_941038
651 0 _aEurope, Central
_xEconomic conditions
_vCongresses.
_941039
651 0 _aFormer Soviet republics
_xEconomic conditions
_vCongresses.
_941040
700 1 _aHavrylyshyn, Oleh.
_941041
700 1 _aNsouli, Saleh M.
_941042
710 2 _aIMF Institute.
_941043
710 2 _aInternational Monetary Fund.
_bEuropean I Department.
_941044
710 2 _aInternational Monetary Fund.
_bEuropean II Department.
_941045
906 _a7
_bcbc
_ccopycat
_d2
_encip
_f20
_gy-gencatlg
942 _2lcc
_cMONOGRAPH